Statystyki dla Najdłuższe nazwy państw (wersja rozszerzona)

Kliknij tutaj aby rozwiązać quiz!

Ogólne statystyki

  • Ten quiz został rozwiązany 92 razy
  • Średni wynik to 22 z 32

Statystyki odpowiedzi

Państwo% Poprawnych
Republika Południowej Afryki
90%
Demokratyczna Republika Konga
87%
Stany Zjednoczone
87%
Wielka Brytania
82%
Korea Północna
79%
Korea Południowa
79%
Zjednoczone Emiraty Arabskie
79%
Arabia Saudyjska
77%
Republika Zielonego Przylądka
77%
Republika Środkowoafrykańska
76%
Wyspy Marshalla
76%
Trynidad i Tobago
74%
Wyspy Świętego Tomasza i Książęca
74%
Antigua i Barbuda
71%
Nowa Zelandia
71%
Papua-Nowa Gwinea
71%
Saint Kitts i Nevis
71%
Saint Vincent i Grenadyny
69%
Wyspy Salomona
68%
Sudan Południowy
65%
Turkmenistan
65%
Bośnia i Hercegowina
63%
Tadżykistan
62%
Macedonia Północna
60%
Wybrzeże Kości Słoniowej
59%
Azerbejdżan
58%
Timor Wschodni
56%
Liechtenstein
53%
Gwinea Równikowa
51%
Gwinea Bissau
49%
Burkina Faso
47%
Sierra Leone
37%

Rozkład punktacji

Percentyl według liczby udzielonych odpowiedzi

Procent ludzi z każdym wynikiem

Twoja historia wyników

Nie rozwiązałeś tego quizu